000 00361nam a22001457a 4500
003 OSt
005 20160727222351.0
008 160622b xxu||||| |||| 00| 0 eng d
040 _cTest
100 _9381
_aMathews, B
245 _aMy Favourite Book Of Bedtime Stories
260 _aHamlyn
_c1986
300 _aMy Favourite Book Of Bedtime Stories
942 _2ddc
_cBK
999 _c311
_d311